<?xml version="1.0" encoding="UTF-8"?>
<record
    xmlns:xsi="http://www.w3.org/2001/XMLSchema-instance"
    xsi:schemaLocation="http://www.loc.gov/MARC21/slim http://www.loc.gov/standards/marcxml/schema/MARC21slim.xsd"
    xmlns="http://www.loc.gov/MARC21/slim">

  <leader>01438nas a2200265 454500</leader>
  <controlfield tag="001">28996</controlfield>
  <controlfield tag="005">20260407193507.0</controlfield>
  <controlfield tag="008">260407s2012####ag###########|||spa#d</controlfield>
  <controlfield tag="003">AR-UNSa-BCEJYS</controlfield>
  <datafield tag="040" ind1=" " ind2=" ">
    <subfield code="a">AR-UNSa-BCEJYS</subfield>
    <subfield code="b">spa</subfield>
    <subfield code="c">AR-UNSa-BCEJYS</subfield>
  </datafield>
  <datafield tag="080" ind1=" " ind2=" ">
    <subfield code="a">34</subfield>
    <subfield code="x">Derecho</subfield>
  </datafield>
  <datafield tag="245" ind1="1" ind2="0">
    <subfield code="a">Pensar en derecho</subfield>
  </datafield>
  <datafield tag="022" ind1=" " ind2=" ">
    <subfield code="a">2314-0186</subfield>
  </datafield>
  <datafield tag="264" ind1=" " ind2="1">
    <subfield code="a">Buenos Aires :</subfield>
    <subfield code="b">EUDEBA (Editorial Universitaria de Buenos Aires)</subfield>
    <subfield code="c">2012</subfield>
  </datafield>
  <datafield tag="310" ind1=" " ind2=" ">
    <subfield code="a">Frecuencia: irregular</subfield>
  </datafield>
  <datafield tag="520" ind1=" " ind2=" ">
    <subfield code="a">Convoca a docentes, profesores e investigadores de la Facultad de Derecho a presentar art&#xED;culos in&#xE9;ditos. Deben ser trabajos de investigaci&#xF3;n en el campo de las ciencias jur&#xED;dicas o afines que respondan a criterios de relevancia social, innovaci&#xF3;n te&#xF3;rica, claridad conceptual, rigor metodol&#xF3;gico y construcci&#xF3;n de fuentes fiables.

La revista est&#xE1; animada por el prop&#xF3;sito de generar un espacio de debate acad&#xE9;mico que permita dar a conocer cu&#xE1;les son algunos de los principales temas de preocupaci&#xF3;n de la comunidad acad&#xE9;mica de la Facultad de Derecho de la Universidad de Buenos Aires.</subfield>
  </datafield>
  <datafield tag="041" ind1=" " ind2=" ">
    <subfield code="a">spa</subfield>
  </datafield>
  <datafield tag="942" ind1=" " ind2=" ">
    <subfield code="c">SER</subfield>
  </datafield>
  <datafield tag="590" ind1=" " ind2=" ">
    <subfield code="a">niveau_biblio:s niveau_hierar:1</subfield>
  </datafield>
  <datafield tag="100" ind1="1" ind2=" ">
    <subfield code="a">Universidad de Buenos Aires. Facultad de Derecho</subfield>
  </datafield>
  <datafield tag="650" ind1=" " ind2=" ">
    <subfield code="a">Derecho constitucional</subfield>
  </datafield>
  <datafield tag="650" ind1=" " ind2=" ">
    <subfield code="a">Derecho</subfield>
  </datafield>
  <datafield tag="650" ind1=" " ind2=" ">
    <subfield code="a">DERECHO COMERCIAL</subfield>
  </datafield>
  <datafield tag="856" ind1="4" ind2="1">
    <subfield code="u">https://biblioeco.unsa.edu.ar/pmb/images/revistas/Pensar en Derecho-r13996.jpg</subfield>
    <subfield code="y">Imagen de portada</subfield>
    <subfield code="q">image/jpeg</subfield>
  </datafield>
  <datafield tag="999" ind1=" " ind2=" ">
    <subfield code="c">8663</subfield>
    <subfield code="d">8663</subfield>
  </datafield>
  <datafield tag="952" ind1=" " ind2=" ">
    <subfield code="0">0</subfield>
    <subfield code="1">0</subfield>
    <subfield code="4">0</subfield>
    <subfield code="7">0</subfield>
    <subfield code="a">BCEJYS</subfield>
    <subfield code="b">BCEJYS</subfield>
    <subfield code="c">17</subfield>
    <subfield code="d">2019-10-01</subfield>
    <subfield code="h">A&#xF1;o 8, N&#xBA; 14 - oct. 2014</subfield>
    <subfield code="l">0</subfield>
    <subfield code="o">H34 PEN a8.n14</subfield>
    <subfield code="p">R22369</subfield>
    <subfield code="r">2026-04-10 16:08:48</subfield>
    <subfield code="w">2026-04-10</subfield>
    <subfield code="y">RN</subfield>
  </datafield>
  <datafield tag="952" ind1=" " ind2=" ">
    <subfield code="0">0</subfield>
    <subfield code="1">0</subfield>
    <subfield code="4">0</subfield>
    <subfield code="7">0</subfield>
    <subfield code="a">BCEJYS</subfield>
    <subfield code="b">BCEJYS</subfield>
    <subfield code="c">17</subfield>
    <subfield code="d">2019-03-01</subfield>
    <subfield code="h">A&#xF1;o 5, N&#xBA; 13 - mar. 2019</subfield>
    <subfield code="l">0</subfield>
    <subfield code="o">H34 PEN a5.n13</subfield>
    <subfield code="p">R22218</subfield>
    <subfield code="r">2026-04-10 16:08:48</subfield>
    <subfield code="w">2026-04-10</subfield>
    <subfield code="y">RN</subfield>
  </datafield>
  <datafield tag="952" ind1=" " ind2=" ">
    <subfield code="0">0</subfield>
    <subfield code="1">0</subfield>
    <subfield code="4">0</subfield>
    <subfield code="7">0</subfield>
    <subfield code="a">BCEJYS</subfield>
    <subfield code="b">BCEJYS</subfield>
    <subfield code="c">17</subfield>
    <subfield code="d">2018-09-01</subfield>
    <subfield code="h">A&#xF1;o 5, N&#xBA; 12 - sep. 2018</subfield>
    <subfield code="l">0</subfield>
    <subfield code="o">H34 PEN a5.n12</subfield>
    <subfield code="p">R22059</subfield>
    <subfield code="r">2026-04-10 16:08:48</subfield>
    <subfield code="w">2026-04-10</subfield>
    <subfield code="y">RN</subfield>
  </datafield>
  <datafield tag="952" ind1=" " ind2=" ">
    <subfield code="0">0</subfield>
    <subfield code="1">0</subfield>
    <subfield code="4">0</subfield>
    <subfield code="7">0</subfield>
    <subfield code="a">BCEJYS</subfield>
    <subfield code="b">BCEJYS</subfield>
    <subfield code="c">17</subfield>
    <subfield code="d">2018-04-01</subfield>
    <subfield code="h">A&#xF1;o 5, N&#xBA; 11 - abr. 2018</subfield>
    <subfield code="l">0</subfield>
    <subfield code="o">H34 PEN a5.n11</subfield>
    <subfield code="p">R21965</subfield>
    <subfield code="r">2026-04-10 16:08:48</subfield>
    <subfield code="w">2026-04-10</subfield>
    <subfield code="y">RN</subfield>
  </datafield>
  <datafield tag="952" ind1=" " ind2=" ">
    <subfield code="0">0</subfield>
    <subfield code="1">0</subfield>
    <subfield code="4">0</subfield>
    <subfield code="7">0</subfield>
    <subfield code="a">BCEJYS</subfield>
    <subfield code="b">BCEJYS</subfield>
    <subfield code="c">17</subfield>
    <subfield code="d">2017-10-01</subfield>
    <subfield code="h">A&#xF1;o 5, N&#xBA; 10 - oct. 2017</subfield>
    <subfield code="l">0</subfield>
    <subfield code="o">H34 PEN a5.n10</subfield>
    <subfield code="p">R21510</subfield>
    <subfield code="r">2026-04-10 16:08:48</subfield>
    <subfield code="w">2026-04-10</subfield>
    <subfield code="y">RN</subfield>
  </datafield>
  <datafield tag="952" ind1=" " ind2=" ">
    <subfield code="0">0</subfield>
    <subfield code="1">0</subfield>
    <subfield code="4">0</subfield>
    <subfield code="7">0</subfield>
    <subfield code="a">BCEJYS</subfield>
    <subfield code="b">BCEJYS</subfield>
    <subfield code="c">17</subfield>
    <subfield code="d">2017-03-01</subfield>
    <subfield code="h">A&#xF1;o 5, N&#xBA; 9 - mar. 2017</subfield>
    <subfield code="l">0</subfield>
    <subfield code="o">H34 PEN a5.n9</subfield>
    <subfield code="p">R20705</subfield>
    <subfield code="r">2026-04-10 16:08:48</subfield>
    <subfield code="w">2026-04-10</subfield>
    <subfield code="y">RN</subfield>
  </datafield>
  <datafield tag="952" ind1=" " ind2=" ">
    <subfield code="0">0</subfield>
    <subfield code="1">0</subfield>
    <subfield code="4">0</subfield>
    <subfield code="7">0</subfield>
    <subfield code="a">BCEJYS</subfield>
    <subfield code="b">BCEJYS</subfield>
    <subfield code="c">17</subfield>
    <subfield code="d">2016-08-01</subfield>
    <subfield code="h">A&#xF1;o 5, N&#xBA; 8 - ago. 2016</subfield>
    <subfield code="l">0</subfield>
    <subfield code="o">H34 PEN a5.n8</subfield>
    <subfield code="p">R20557</subfield>
    <subfield code="r">2026-04-10 16:08:48</subfield>
    <subfield code="w">2026-04-10</subfield>
    <subfield code="y">RN</subfield>
  </datafield>
  <datafield tag="952" ind1=" " ind2=" ">
    <subfield code="0">0</subfield>
    <subfield code="1">0</subfield>
    <subfield code="4">0</subfield>
    <subfield code="7">0</subfield>
    <subfield code="a">BCEJYS</subfield>
    <subfield code="b">BCEJYS</subfield>
    <subfield code="c">17</subfield>
    <subfield code="d">2015-12-01</subfield>
    <subfield code="h">A&#xF1;o 4, N&#xBA; 7 - dic. 2015</subfield>
    <subfield code="l">0</subfield>
    <subfield code="o">H34 PEN a4.n7</subfield>
    <subfield code="p">R19873</subfield>
    <subfield code="r">2026-04-10 16:08:48</subfield>
    <subfield code="w">2026-04-10</subfield>
    <subfield code="y">RN</subfield>
  </datafield>
  <datafield tag="952" ind1=" " ind2=" ">
    <subfield code="0">0</subfield>
    <subfield code="1">0</subfield>
    <subfield code="4">0</subfield>
    <subfield code="7">0</subfield>
    <subfield code="a">BCEJYS</subfield>
    <subfield code="b">BCEJYS</subfield>
    <subfield code="c">17</subfield>
    <subfield code="d">2015-08-01</subfield>
    <subfield code="h">A&#xF1;o 4, N&#xBA; 6 - ago. 2015</subfield>
    <subfield code="l">0</subfield>
    <subfield code="o">H34 PEN a4.n6</subfield>
    <subfield code="p">R15466</subfield>
    <subfield code="r">2026-04-10 16:08:48</subfield>
    <subfield code="w">2026-04-10</subfield>
    <subfield code="y">RN</subfield>
  </datafield>
  <datafield tag="952" ind1=" " ind2=" ">
    <subfield code="0">0</subfield>
    <subfield code="1">0</subfield>
    <subfield code="4">0</subfield>
    <subfield code="7">0</subfield>
    <subfield code="a">BCEJYS</subfield>
    <subfield code="b">BCEJYS</subfield>
    <subfield code="c">17</subfield>
    <subfield code="d">2015-02-01</subfield>
    <subfield code="h">A&#xF1;o 3, N&#xBA; 5 - feb. 2015</subfield>
    <subfield code="l">0</subfield>
    <subfield code="o">H34 PEN a3.n5</subfield>
    <subfield code="p">R13996</subfield>
    <subfield code="r">2026-04-10 16:08:48</subfield>
    <subfield code="w">2026-04-10</subfield>
    <subfield code="y">RN</subfield>
  </datafield>
</record>
